Les 10 villes les plus peuplées de l'Hérault (34) - Statistiques

Statistiques générales
  • Ce quiz a été pris 86 fois
  • Le résultat moyen est 6 sur 10
Statistiques - réponses
Population Communes % Correct
307 100 Montpellier
100%
80 800 Béziers
97%
45 100 Sète
87%
29 600 Agde
77%
26 400 Lunel
70%
23 800 Frontignan
54%
17 600 Lattes
49%
25 400 Castelnau-le-Lez
48%
16 400 Mauguio
37%
13 800 Juvignac
30%
Aucun quiz correspondant
Distribution des résultats
% des personnes avec chaque résultat
Percentile par nombre de réponses
Votre historique - résultats
Vous n’avez pas pris ce quiz